000 00337cam a2200157ua 4500
003 OSt
008 250802b |||||||| |||| 00| 0 eng d
041 _aeng
082 _a625.7
_bBAT/RO
100 _aBatson, R.G .
_97646
245 _aRoads /
250 _a1 /
260 _a :
_bLongman ,
_c1960.
300 _a224 ; .
942 _cBK
999 _c1587
_d1587